Подробности
| 000 -МАРКЕР |
| контрольное поле |
02468nam0a2200409 4500 |
| 001 - ИДЕНТИФИКАТОР ЗАПИСИ |
| контрольное поле |
RU\NLR\bibl\1149713 |
| 005 - ИДЕНТИФИКАТОР ВЕРСИИ |
| контрольное поле |
20250810041213.0 |
| 010 ## - МЕЖДУНАРОДНЫЙ СТАНДАРТНЫЙ НОМЕР КНИГИ (ISBN) |
| Номер (ISBN) |
5-7408-0086-2 |
| Тираж |
1000 |
| 021 ## - НОМЕР ГОСУДАРСТВЕННОЙ РЕГИСТРАЦИИ |
| Код страны |
российская федерация |
| Номер |
2007-63191 |
| Номер Листа государственной регистраци |
3371 |
| 035 ## - ДРУГИЕ СИСТЕМНЫЕ НОМЕРА |
| Идентификатор записи |
(NLR Aleph) 001136513 |
| 100 ## - ДАННЫЕ ОБЩЕЙ ОБРАБОТКИ |
| Данные общей обработки |
20071106d2006 u y0rusy50 ca |
| 101 1# - ЯЗЫК РЕСУРСА |
| Язык текста, звукозаписи и т.д. |
русский |
| -- |
французский |
| Язык оригинала |
французский |
| 102 ## - СТРАНА ПУБЛИКАЦИИ ИЛИ ПРОИЗВОДСТВА |
| Страна публикации |
российская федерация |
| 105 ## - ПОЛЕ КОДИРОВАННЫХ ДАННЫХ: ТЕКСТОВЫЕ МАТЕРИАЛЫ, МОНОГРАФИЧЕСКИЕ |
| Кодированные данные о монографическом текстовом документе |
ah ||||||||| |
| 200 1# - ЗАГЛАВИЕ И СВЕДЕНИЯ ОБ ОТВЕТСТВЕННОСТИ |
| Основное заглавие |
Клод-Николя Леду (1736-1806). Архитектура и летопись времени |
| Параллельное заглавие |
Claude-Nicolas Ledoux (1736-1806). L'architecture et les fastes du temps |
| Первые сведения об ответственности |
Даниэль Рабро |
| Язык параллельного заглавия |
французский |
| Последующие сведения об ответственности |
Парижский ун-т-I Пантеон-Сорбонна |
| 210 ## - ПУБЛИКАЦИЯ, РАСПРОСТРАНЕНИЕ И ДР. |
| Место издания, распространения и т.д. |
Екатеринбург |
| Имя издателя, распространителя и т. д. |
Архитектон |
| Дата издания, распространения и т.д. |
2006 |
| 215 ## - ФИЗИЧЕСКАЯ ХАРАКТЕРИСТИКА |
| Специфическое обозначение материала и объем |
655, [1] c., [79] л. ил., факс. |
| Размеры |
35 |
| 225 1# - СЕРИЯ |
| Основное заглавие серии |
Анналы Центра Леду |
| Параллельное заглавие серии |
Annales du Centre Ledoux |
| Обозначение тома |
т. 3 |
| 300 ## - ОБЩИЕ ПРИМЕЧАНИЯ |
| Текст примечания |
Авт. также на фр. яз.: Daniel Rabreau |
| 300 ## - ОБЩИЕ ПРИМЕЧАНИЯ |
| Текст примечания |
Текст парал. на рус. и фр. яз. |
| 309 ## - ПРИМЕЧАНИЯ ОБ ОСНОВНОМ ИСТОЧНИКЕ ИНФОРМАЦИИ И ОБ ОСОБЕННОСТЯХ ПОЛИГРАФИЧЕСКОГО ОФОРМЛЕНИЯ ИЗДАНИЯ |
| Текст примечания |
На обороте тит. л.: Т. 2 |
| 311 ## - ПРИМЕЧАНИЯ, ОТНОСЯЩИЕСЯ К ПОЛЯМ СВЯЗИ (ПРИМЕЧАНИЯ О СВЯЗИ С ДРУГИМИ ПРОИЗВЕДЕНИЯМИ (ИЗДАНИЯМИ)) |
| Текст примечания |
Второй том трилогии, посвященной творчеству архитектора К.-Н. Леду. Первый том трилогии: Архитектура, рассмотренная в отношении к искусству, нравам и законодательству / К.-Н. Леду |
| 320 ## - ПРИМЕЧАНИЯ О НАЛИЧИИ В ДОКУМЕНТЕ БИБЛИОГРАФИИ / УКАЗАТЕЛЯ |
| Текст примечания |
Библиогр.: с. 623-639 |
| 320 ## - ПРИМЕЧАНИЯ О НАЛИЧИИ В ДОКУМЕНТЕ БИБЛИОГРАФИИ / УКАЗАТЕЛЯ |
| Текст примечания |
Libr. de l'architecture et de la ville: c. 654-655 |
| 320 ## - ПРИМЕЧАНИЯ О НАЛИЧИИ В ДОКУМЕНТЕ БИБЛИОГРАФИИ / УКАЗАТЕЛЯ |
| Текст примечания |
Указ.: с. 329-336, 640-647 |
| 488 #0 - ДРУГИЕ ВЗАИМОСВЯЗАННЫЕ ПРОИЗВЕДЕНИЯ (ДОКУМЕНТЫ) |
| Встроенное поле |
2001#$aАрхитектура, рассмотренная в отношении к искусству, нравам и законодательству |
| -- |
700#1$aЛеду$bК. -Н.$f1736-1806$gКлод-Николя$4070 |
| Заглавие |
Архитектура, рассмотренная в отношении к искусству, нравам и законодательству |
| Автор |
Леду, Клод-Николя (1736-1806) |
| 510 1# - ПАРАЛЛЕЛЬНОЕ ЗАГЛАВИЕ |
| Связь между полями |
z45790 |
| Параллельное заглавие |
Claude-Nicolas Ledoux (1736-1806). L'architecture et les fastes du temps |
| Язык заглавия |
французский |
| 600 #1 - ИМЯ ЛИЦА КАК ПРЕДМЕТ |
| Начальный элемент ввода |
Леду |
| Часть имени, кроме начального элемента ввода |
К.- Н. |
| Даты |
1736 - 1806 |
| Расширение инициалов личного имени |
Клод-Николя |
| Системный номер авторитетной/нормативной записи |
1056008 |
| Идентификатор авторитетной/нормативной записи |
RU\NLR\auth\6690678 |
| 686 ## - ИНДЕКСЫ ДРУГИХ КЛАССИФИКАЦИЙ |
| Индекс |
Щ113(4Фр)4-8Леду |
| 700 #1 - ИМЯ ЛИЦА - ПЕРВИЧНАЯ ОТВЕТСТВЕННОСТЬ |
| Начальный элемент ввода |
Рабро |
| Часть имени, кроме начального элемента ввода |
Д. |
| Расширение инициалов личного имени |
Даниэль |
| Код отношения |
Автор |
| 790 #1 - ИМЯ ЛИЦА - АЛЬТЕРНАТИВНАЯ ФОРМА |
| Связь между полями |
z45510 |
| Начальный элемент ввода |
Rabreau |
| Часть имени, кроме начального элемента ввода |
D. |
| Расширение инициалов личного имени |
Daniel |
| Код отношения |
Автор |
| 801 #0 - ИСТОЧНИК ЗАПИСИ |
| Страна |
российская федерация |
| Организация |
NLR |
| Дата составления |
20071106 |
| Правила каталогизации |
RCR |
| 801 #1 - ИСТОЧНИК ЗАПИСИ |
| Страна |
российская федерация |
| Организация |
NLR |
| Дата составления |
20071106 |
| 942 ## - ДОПОЛНИТЕЛЬНЫЕ ЭЛЕМЕНТЫ ЗАПИСИ (АБИС) |
| Тип экземпляра АБИС |
Книга |
| 980 ## - КОЛЛЕКЦИЯ |
| Название коллекции |
Национальная библиография |